<?xml version="1.0" encoding="UTF-8"?>
<collection xmlns="http://www.loc.gov/MARC21/slim">
 <record>
  <leader>03315nam a2200361 a 4500</leader>
  <controlfield tag="001">1/45180</controlfield>
  <controlfield tag="008">140730s2003    ne            001 0 eng  </controlfield>
  <datafield tag="020" ind1=" " ind2=" ">
   <subfield code="a">9780750657976</subfield>
  </datafield>
  <datafield tag="020" ind1=" " ind2=" ">
   <subfield code="a">0750657979</subfield>
  </datafield>
  <datafield tag="020" ind1=" " ind2=" ">
   <subfield code="a">1417505710 (electronic bk.)</subfield>
  </datafield>
  <datafield tag="020" ind1=" " ind2=" ">
   <subfield code="a">9781417505715 (electronic bk.)</subfield>
  </datafield>
  <datafield tag="020" ind1=" " ind2=" ">
   <subfield code="a">0080473806 (electronic bk.)</subfield>
  </datafield>
  <datafield tag="020" ind1=" " ind2=" ">
   <subfield code="a">9780080473802 (electronic bk.)</subfield>
  </datafield>
  <datafield tag="035" ind1=" " ind2=" ">
   <subfield code="l">48139</subfield>
  </datafield>
  <datafield tag="040" ind1=" " ind2=" ">
   <subfield code="a">OPELS</subfield>
   <subfield code="b">eng</subfield>
   <subfield code="c">OPELS</subfield>
   <subfield code="d">BAKER</subfield>
   <subfield code="d">OCLCG</subfield>
   <subfield code="d">OCLCQ</subfield>
   <subfield code="d">N$T</subfield>
   <subfield code="d">YDXCP</subfield>
   <subfield code="d">OCLCO</subfield>
   <subfield code="d">EEICP</subfield>
   <subfield code="d">MERUC</subfield>
   <subfield code="d">UWW</subfield>
   <subfield code="d">IDEBK</subfield>
   <subfield code="d">E7B</subfield>
   <subfield code="d">KNOVL</subfield>
   <subfield code="d">OCLCQ</subfield>
   <subfield code="d">OCLCO</subfield>
   <subfield code="d">KNOVL</subfield>
   <subfield code="d">GR-PeUP</subfield>
  </datafield>
  <datafield tag="100" ind1="1" ind2=" ">
   <subfield code="a">Park, John,</subfield>
   <subfield code="d">1953-</subfield>
  </datafield>
  <datafield tag="245" ind1="1" ind2="0">
   <subfield code="a">Practical data communications for instrumentation and control</subfield>
   <subfield code="h">[electronic resource] /</subfield>
   <subfield code="c">John Park, Steve Mackay, Edwin Wright.</subfield>
  </datafield>
  <datafield tag="260" ind1=" " ind2=" ">
   <subfield code="a">Amsterdam ;</subfield>
   <subfield code="a">London :</subfield>
   <subfield code="b">Elsevier,</subfield>
   <subfield code="c">2003.</subfield>
  </datafield>
  <datafield tag="300" ind1=" " ind2=" ">
   <subfield code="a">1 online resource (ix, 389 p.) :</subfield>
   <subfield code="b">ill.</subfield>
  </datafield>
  <datafield tag="490" ind1="1" ind2=" ">
   <subfield code="a">Practical professional books from Elsevier</subfield>
  </datafield>
  <datafield tag="520" ind1=" " ind2=" ">
   <subfield code="a">Instrumentation and control systems are highly reliant on data communications, so a working knowledge of the latest communications technologies and the essential protocols is essential for anyone designing, specifying or using instrumentation and control systems. This book is the only title on the market designed specifically for this audience. This is a comprehensive treatment of industrial data communication systems. Commencing with a thorough discussion of the popular RS-232, RS-422 and RS-485 standards it then moves on to industrial protocols, industrial networks and the communication requirements for the 'smart' instrumentation which is becoming de rigeur in industry today. The book also provides a solid grounding in the various Fieldbus and DeviceNet standards on the market today. This book provides you with the knowledge to analyse, specify and debug data communications systems in the instrumentation and control environment. *The essential guide to communications techologies and protocols for engineers designing, specifying or using instrumentation and control systems *Provides the knowledge required to analyze, specify and debug data communication systems, introducing the latest digital technologies *Coverage includes RS-232, RS422 and RS-485 standards, industrial networks and protocols, smart instrumentation, FieldBus and DeviceNet standards.</subfield>
  </datafield>
  <datafield tag="505" ind1="0" ind2=" ">
   <subfield code="a">Overview of Data Communications; Basic Data Communication Principles; Physical Serial Communication Standards; Error Detection; Cabling Basics; Electrical Noise and Interference; Modems and Multiplexers; Introduction to Protocols; Open Systems Interconnection Model; Industrial Protocols; HART Protocol; Open Industrial Fieldbus and DeviceNet Systems; Local Area Networks; Appendix A: Numbering Systems; Appendix B: Cyclic Redundancy Check (CRC) Program Listing; Appendix C: Serial Link Design; Glossary.</subfield>
  </datafield>
  <datafield tag="500" ind1=" " ind2=" ">
   <subfield code="a">Includes index.</subfield>
  </datafield>
  <datafield tag="650" ind1=" " ind2="4">
   <subfield code="a">Automatic control.</subfield>
  </datafield>
  <datafield tag="650" ind1=" " ind2="4">
   <subfield code="a">Data transmission systems.</subfield>
  </datafield>
  <datafield tag="655" ind1=" " ind2="4">
   <subfield code="a">Electronic books.</subfield>
  </datafield>
  <datafield tag="700" ind1="1" ind2=" ">
   <subfield code="a">Mackay, Steve.</subfield>
  </datafield>
  <datafield tag="700" ind1="1" ind2=" ">
   <subfield code="a">Wright, Edwin,</subfield>
   <subfield code="c">B.Sc.</subfield>
  </datafield>
  <datafield tag="830" ind1=" " ind2="0">
   <subfield code="a">Practical professional books from Elsevier.</subfield>
  </datafield>
  <datafield tag="852" ind1=" " ind2=" ">
   <subfield code="a">INST</subfield>
   <subfield code="b">UNIPILB</subfield>
   <subfield code="c">EBOOKS</subfield>
   <subfield code="e">20140730</subfield>
   <subfield code="p">00b48139</subfield>
   <subfield code="q">00b48139</subfield>
   <subfield code="t">ONLINE</subfield>
   <subfield code="y">0</subfield>
  </datafield>
  <datafield tag="856" ind1="4" ind2="0">
   <subfield code="3">ScienceDirect</subfield>
   <subfield code="u">http://www.sciencedirect.com/science/book/9780750657976</subfield>
  </datafield>
  <datafield tag="856" ind1="4" ind2=" ">
   <subfield code="d">/webopac/covers/03/48139_9780750657976.jpg</subfield>
  </datafield>
  <datafield tag="856" ind1="4" ind2=" ">
   <subfield code="d">/webopac/covers/03/48139_0750657979.jpg</subfield>
  </datafield>
 </record>
</collection>
